000 00896nam a2200241 a 4500
001 000029017
005 20240502132913.0
008 110413s2002 dr abc r 001 0 spa d
040 _aDO-SdBNP
_bspa
_cBNPHU
082 _a224
_bB816t,2002
100 1 _aBranan, William Marrion
_955937
245 1 4 _aLas tres venidas de Cristo /
_cWilliam Marrion Branan ; compilación Rev. Santiago Castillo ; prólogo Hno Ricardo Smith Solís.
260 _aSanto Domingo :
_bImpresora Castillo,
_c2002.
300 _a66 p. :
_bil., map., retrs. ;
_c21 cm.
504 _aBibliografía : p. 60-62.
590 _aInventariado, 2018/BT
650 4 _aBiblia.-a.t.
_xCrítica e interpretación
_91022
650 0 _aCristianismo
_9885
650 4 _aJesucristo
_91304
700 1 _aCastillo, Santiago,
_ecomp.
_952447
700 1 _aSmith Solís, Ricardo,
_epról.
_955938
910 _aValidado. Control de calidad. EMS
999 _c28509
_d28509